书目信息 |
| 题名: |
园艺植物营养与施肥
|
|
| 作者: | 马国瑞 主编 | |
| 分册: | ||
| 出版信息: | 北京 中国农业出版社 2000 |
|
| 页数: | 214页 | |
| 开本: | 26cm | |
| 丛书名: | ||
| 单 册: | ||
| 中图分类: | S606 | |
| 科图分类: | ||
| 主题词: | 园艺 | |
| 电子资源: | ||
| ISBN: | 7-109-03120-9 | |
| 000 | 00739nam0 2200217 450 | |
| 001 | 0628973946 | |
| 005 | 20061008112057.32 | |
| 010 | @a7-109-03120-9@dCNY17.20 | |
| 100 | @a20060930d2000 km y0chiy0120 ea | |
| 101 | 0 | @achi |
| 102 | @aCN@b110000 | |
| 200 | 1 | @a园艺植物营养与施肥@Ayuan yi zhi wu ying yang yu shi fei@e土壤与植物营养、园艺、农业等专业用@f马国瑞 主编@Fma guo rui zhu bian |
| 210 | @a北京@c中国农业出版社@d2000 | |
| 215 | @a214页@d26cm | |
| 300 | @a全国高等农业院校教材 | |
| 517 | 1 | @a土壤与植物营养、园艺、农业等专业用@Atu rang yu zhi wu ying yang、yuan yi、nong ye deng zhuan ye yong |
| 606 | 0 | @a园艺 |
| 690 | @aS606@v3 | |
| 701 | 0 | @a马国瑞@Ama guo rui@4主编 |
| 801 | 0 | @aCN@bPFT@c20061008 |
| 905 | @a10447@dS606@e130 | |
| 园艺植物营养与施肥:土壤与植物营养、园艺、农业等专业用/马国瑞 主编.-北京:中国农业出版社,2000 |
| 214页;26cm |
| 全国高等农业院校教材 |
| ISBN 7-109-03120-9:CNY17.20 |
| ● |
| 相关链接 |
|
|
|
|
正题名:园艺植物营养与施肥
索取号:S606/130
 
预约/预借
| 序号 | 登录号 | 条形码 | 馆藏地/架位号 | 状态 | 备注 |
| 1 | 0484180 | 204841804 | 密集书库/ [索取号:S606/130] | 在馆 |